| 000 | 00786nam a2200229 i 4500 | ||
|---|---|---|---|
| 001 | 50119 | ||
| 003 | ES-MaACL | ||
| 005 | 20250803063048.0 | ||
| 007 | t| | ||
| 008 | 030730s1933 sp ||||1| spa d | ||
| 080 | _a94(4)"1789/1900" | ||
| 100 | 1 |
_aCroce, Benedetto, _d1866-1952 _9241508 |
|
| 245 | 1 | 0 |
_aHistoria de Europa en el siglo XIX / _cBenedetto Croce ; traducción del italiano de Juan Chabás. |
| 260 |
_aMadrid : _bM. Aguilar, _c1933. |
||
| 300 |
_a352 p. ; _c20 cm. |
||
| 490 | 1 | _aBiblioteca de ideas y estudios contemporáneos | |
| 651 | 4 |
_aEuropa- _xHistoria- _y1789-1900. _9138070 |
|
| 700 | 1 |
_aChabás, Juan ( _d1900-1954) _937722 |
|
| 830 | 1 |
_aBiblioteca de ideas y estudios contemporáneos _9180868 |
|
| 852 |
_aES-MaACL _jA-1990 |
||
| 999 |
_c50119 _d50119 |
||